Statistics for countries that ends with the letter R

Click here to take the quiz!

General Stats

  • This quiz has been taken 462 times
    (413 since last reset)
  • The average score is 4 of 7

Answer Stats

Answer% Correct
Niger
64%
Qatar
64%
Ecuador
53%
Myanmar
52%
Madagascar
51%
El salvador
46%
East timor
38%

Score Distribution

Percentile by Number Answered

Percent of People with Each Score

Your Score History

You have not taken this quiz since the last reset